| 000 | 01371cam a22003378i 4500 | ||
|---|---|---|---|
| 001 | 18178453 | ||
| 003 | Nust- CAS-E | ||
| 005 | 20180118181405.0 | ||
| 008 | 140605s2014 enk b 001 0 eng | ||
| 010 | _a 2014020780 | ||
| 020 | _a9781118618639 (cloth) | ||
| 040 |
_aDLC _beng _cDLC _erda |
||
| 042 | _apcc | ||
| 050 | 0 | 0 |
_aHD9502.A2 _bB876 2014 |
| 082 | 0 | 0 |
_a333.79 _223 _bBUR-M 2014 |
| 100 | 1 | _aBurger, Markus. | |
| 245 | 1 | 0 |
_aManaging energy risk : _ba practical guide for risk management in power, gas and other energy markets / _cMarkus Burger, Bernhard Graeber, Gero Schindlmayr. |
| 250 | _aSecond edition. | ||
| 263 | _a1407 | ||
| 300 | _apages cm | ||
| 500 | _aRevised edition of the authors' Managing energy risk : an integrated view on power and other energy markets, published in 2007. | ||
| 502 | 0 | _a0 | |
| 504 | _aIncludes bibliographical references and index. | ||
| 650 | 0 |
_aEnergy industries _xRisk management. |
|
| 700 | 1 | _aGraeber, Bernhard. | |
| 700 | 1 | _aSchindlmayr, Gero. | |
| 776 | 0 | 8 |
_iOnline version: _aBurger, Markus. _tManaging energy risk _bSecond edition. _dChichester, West Sussex, United Kingdom : John Wiley & Sons, Inc., 2014 _z9781118618622 _w(DLC) 2014022546 |
| 906 |
_a7 _bcbc _corignew _d1 _eecip _f20 _gy-gencatlg |
||
| 942 |
_2ddc _cBK |
||
| 999 |
_c355538 _d355538 |
||